000 00701nam a2200229Ia 4500
003 OSt
005 20220927104342.0
006 a|||||r|||| 00| 0
007 ta
008 220926b |||||||| |||| 00| 0 eng d
024 _a147157
037 _cReference Collections
040 _aRTL
_cRTL
_beng
041 _2eng
_aeng
082 _a"X72:(Z,312.1.N4, H8/UN"
110 _a"United Nations, Economic and social affairs (Deptt of-)"
245 0 _aInternational tax agreements
260 _c1948
700 _a"United Nations, Economic and social affairs (Deptt of-)"
942 _h"X72:(Z,312.1.N4, H8/UN"
_cCC
999 _c686919
_d686919